| Tag |
First Indicator |
Second Indicator |
Subfields |
| LEADER |
00000cam a2200000 a 4500 |
| 001 |
in00000074623 |
| 005 |
20151008053612.0 |
| 008 |
820206s1914 fr b 00010 fre d |
| 035 |
|
|
|a (OCoLC)08131607
|
| 035 |
|
|
|9 AAH7986AM
|
| 040 |
|
|
|a TXA
|c TXA
|d UtOrBLW
|
| 049 |
|
|
|a TXAM
|c [1441803]
|
| 090 |
|
|
|a CB203
|b .F8 1914
|
| 100 |
1 |
|
|a Fouillée, Alfred,
|d 1838-1912.
|
| 245 |
1 |
0 |
|a Esquisse psychologique de peuples europeens /
|c par Alfred Fouillee.
|
| 250 |
|
|
|a 5e edition.
|
| 264 |
|
1 |
|a Paris :
|b Felix Alcan,
|c 1914.
|
| 300 |
|
|
|a xix, 552 pages ;
|c 23 cm.
|
| 336 |
|
|
|a text
|b txt
|2 rdacontent
|
| 337 |
|
|
|a unmediated
|b n
|2 rdamedia
|
| 338 |
|
|
|a volume
|b nc
|2 rdacarrier
|
| 504 |
|
|
|a Includes bibliographical references.
|
| 650 |
|
0 |
|a National characteristics.
|
| 650 |
|
0 |
|a Ethnopsychology.
|
| 999 |
|
|
|a MARS
|
| 999 |
f |
f |
|s a89bbbc6-469b-39da-bba4-6f6673ddb774
|i d7038ebf-7015-375e-b89b-00602cf04bc5
|t 0
|
| 952 |
f |
f |
|p ric
|a Texas A&M University
|b Rellis Campus
|c Joint Library Facility
|d Remote Storage
|t 0
|e CB203 .F8 1914
|h Library of Congress classification
|i unmediated -- volume
|m A14806093537
|
| 998 |
f |
f |
|a CB203 .F8 1914
|t 0
|l Remote Storage
|